Statistics for SAT Words Click Quiz - D

Click here to take the quiz!

General Stats

  • This quiz has been taken 286 times
  • The average score is 13 of 15

Answer Stats

HintAnswer% Correct
Double, twin, counterpartDoppelgänger
96%
Oppressive, dehumanizing societyDystopia
94%
Prediction of the futureDivination
91%
Move slowly; spend time idlyDawdle
90%
Extremely or unusually smallDiminutive
89%
Proper, fitting, tastefulDecorous
86%
A person skilled in dinner conversationDeipnosophist
86%
Fleeting, temporary; or, shedding leaves annuallyDeciduous
85%
Tending to cause disharmony or conflictDivisive
85%
Trained companion for childbirth and postpartumDoula
85%
Paint hastily or messily; smearDaub
78%
Intimidation used to constrain or controlDuress
76%
Scarcity or lack of somethingDearth
75%
Material used to secure cargo during transitDunnage
75%
Thrash severely; or, decisively defeatDrub
64%

Score Distribution

Percentile by Number Answered

Percent of People with Each Score

Your Score History

You have not taken this quiz